El camino del ser /

Bibliographic Details
Main Author: Rogers, Carl R 1902-1987
Format: Libro
Language:English
Published: Madrid, España Revista de Occidente 1961
Edition:3a.ed.
Subjects:
Online Access:

MARC

LEADER 00000cam a2200000 a 4500
001 001509
003 UAHC_CL
005 20170803115739.0
008 010822b xx j 000 1 eng
020 |a 8472451690 
040 |a UAHC_CL  |c UAHC_CL  |d UAHC_CL 
082 0 4 |a 150.9 R724 
100 1 |a Rogers, Carl R  |d 1902-1987 
245 1 3 |a El camino del ser /  |c Carl Rogers. 
250 |a 3a.ed. 
260 |b Revista de Occidente  |c 1961  |a Madrid, España 
300 |a 198 p. 
650 4 |a FILOSOFIA 
900 |a 150.9 ROG 
942 |c BK 
952 |0 0  |1 0  |4 0  |6 150_900000000000000_ROR  |7 0  |8 General  |9 3459  |a BC  |b BC  |c General  |d 2017-08-03  |l 0  |o 150.9 ROR  |p 1303961  |r 2026-01-07 00:00:00  |t 1  |w 2017-08-03  |y BK 
999 |c 1509  |d 1509